01382nam a2200325Ia 4500001001200000003000800012006001900020007001500039008004100054010001700095020001800112020002800130040002100158035002100179050002800200100002200228245011300250246003400363260004800397300001500445504006600460533015200526546012500678630005200803650001400855655002900869710001700898856012600915999001501041ebr10278385CaPaEBRm u cr cn|||||||||970714s1998 nyu sb 001 0 eng d z 97027791  z9780195119619 z0195119614 (alk. paper) aCaPaEBRcCaPaEBR a(OCoLC)25257165014aBS1235.2b.H3595 1998eb1 aHendel, Ronald S.14aThe text of Genesis 1-11h[electronic resource] :btextual studies and critical edition /cRonald S. Hendel.3 aText of Genesis one to eleven aNew York :bOxford University Press,c1998. axv, 168 p. aIncludes bibliographical references (p. 151-160) and indexes. aElectronic reproduction.bPalo Alto, Calif. :cebrary,d2009.nAvailable via World Wide Web.nAccess may be limited to ebrary affiliated libraries. aCritical text is in English. Text of Genesis 1-11 is given in Hebrew; various sections are translated in critical text.00aBible.pO.T.pGenesis I-XIxCriticism, Textual. 0aTheology. 7aElectronic books.2local2 aebrary, Inc.40uhttp://site.ebrary.com/lib/rucke/Doc?id=10278385zAn electronic book accessible through the World Wide Web; click to view c4302d4302